000
00262nam a2200109Ia 4500
008
200302s9999 xx 000 0 und d
100
_a
David Verey
245
_a
Gloucestershire 1:The Cotswolds
260
_b
Yale University Ptess
260
_c
2002
300
_a
826
999
_c
4685
_d
4685